00398cam a22001452 4500001001100000005001700011008004100028040001500069245006100084250001300145260003200158300001600190651004300206852000300249000001193820151217155849.0090121s xx 000 0 eng d aKABUcKABU10aRed book 1930-1931 /ccompiled by East African Standard. a1st ed. aNairobi :bE. A. S.,c1930. a578, xi p. 0aAfrica, EastxDirectories.@00001680081